000 01516cam a22004214i 4500
003 PE-LiUPU
005 20250731173205.0
008 150625s r 000 0 d
035 _a(Sirsi) a31092
040 _aPE-LiUPU
_bspa
_cPE-LiUPU
_erda
082 0 4 _a220.468
_bR531972
_221
130 1 _aBiblia.
_lEspañol.
_sLatinoamérica
245 1 3 _aLa Biblia :
_ben su texto íntegro Traducida Presentada y Comentada Para las comunidades cristianas de Latinomaérica y para los que buscan a Dios /
_cDirector de la traducción Ramón Ricciardi.
250 _a2
264 1 _aMadrid :
_bEdiciones Paulinas, E. Verbo Divino,
_cca1976
336 _atext
_2rdacontent
337 _aunmediated
_2rdamedia
338 _avolume
_2rdacarrier
526 _aSEG42
526 _aSEG41
526 _aSEG40
526 _aSEG39
526 _aP94
526 _aP87
526 _aP86
526 _aP85
526 _aP77
526 _aP76
526 _aP35
630 _aBiblia.
_lEspañol.
_sLatinoamérica
700 1 _aRicciardi, Ramón,
_eTraductor
910 _a
942 _2ddc
_cBOOK
949 _a220.468 R53 1972
_wDEWEY
_c1
_i36759
_lCCODEBUL1
_mBUL
_p00.00
_r0
_sY
_tBOOK
_u2015-06-25
_xBIBLIOTECA
_zUNKNOWN
_0COMPRA
_o.STAFF. Colección General
596 _a1
999 _a220.468 R53 1972
_wDEWEY
_c38608
_i36759
_d38608
_e2019-3-13
_f2021-11-9
_g5
_lCCODEBUL1
_mBUL
_n10
_q24
_r0
_sY
_tBOOK
_u2015-6-25
_xTEOLOGIA
_zUNKNOWN
_0COMPRA
_o.STAFF. Colección General
980 _81
_gALBERTO SANCHEZ Responsable de Automatización